000 00599nam a2200229Ia 4500
003 OSt
005 20220928125706.0
006 a|||||r|||| 00| 0
007 ta
008 220927b |||||||| |||| 00| 0 eng d
024 _a36373
037 _cTextual
040 _aSDCL
_cSDCL
_beng
041 _2eng
_aeng
082 _aX:(Y33), L3
100 _aHirsch Werner Z
_9471018
245 0 _aUrban economic analysis.
260 _aNew Delhi
_bTata McGraw-Hill
_c1973
300 _axviii,450p
_ccm.
942 _hX:(Y33), L3
_cTEXL
_2CC
999 _c783691
_d783691